00709nam a2200241 a 4500001001300000003000900013005001700022008004100039020001000080082001900090100002800109245003100137260003800168300001000206500003500216505001000251650002900261700002800290902000800318942000700326952011900333999001500452nice12345678IN_TiNIC20260116011708.0050524s1938 laha grp 000 0 eng  ac10000a297.12207bILA aIlahi, Mohammad Manzoor aHoly Quran Simplified No.2 aLahorebDarul Kutub Islamiac1938 a173p. aincludes index and biblioraphy2 aIndex aQuran-Study and Teaching1 aIlahi, Mohammad Manzoor bSRS cBK 001040708StackRoom-aHMIbHMId2008-03-24g100.00l0o297.12207 ILAp06520r2008-03-24v100.00w2005-05-24yBK c3443d3443